|
|
|
|
| LEADER |
00000nam0a2200000 4500 |
| 001 |
20009 |
| 005 |
20231101205327.0 |
| 035 |
|
|
|a (RuTPU)RU\TPU\book\20182
|
| 035 |
|
|
|a BOOK00004871
|
| 090 |
|
|
|a 20009
|
| 100 |
|
|
|a 20011209d1974 km y0rusy50 ca
|
| 101 |
1 |
|
|a rus
|c eng
|
| 102 |
|
|
|a RU
|
| 105 |
|
|
|a y z 000zy
|
| 200 |
1 |
|
|a Басня о пчелах
|e пер. с англ.
|f Б. Мандевиль
|
| 210 |
|
|
|a Москва
|c Мысль
|d 1974
|
| 215 |
|
|
|a 376 с.
|
| 610 |
1 |
|
|a философия
|
| 610 |
1 |
|
|a английская философия
|
| 610 |
1 |
|
|a 17 век
|
| 610 |
1 |
|
|a 18 век
|
| 610 |
1 |
|
|a история
|
| 610 |
1 |
|
|a материализм
|
| 686 |
|
|
|a Ю3(4Вл)5
|v LBC/SL-A
|2 rubbk
|
| 700 |
|
1 |
|a Мандевиль
|b Б.
|c английский философ, сатирический писатель и экономист
|f 1670-1733
|g Бернард
|2 stltpush
|3 (RuTPU)RU\TPU\pers\16031
|9 5613
|
| 801 |
|
0 |
|a RU
|b 63413507
|c 20011209
|g PSBO
|
| 801 |
|
2 |
|a RU
|b 63413507
|c 20190905
|g PSBO
|
| 942 |
|
|
|c BK
|